[Event "Santiago CALF op"]
[Site "Santiago de Chile"]
[Date "2003.??.??"]
[Round "2.20"]
[White "Aedo, Rodrigo"]
[Black "Lopez, Ruy"]
[Result "1-0"]
[WhiteElo "1523"]
[BlackElo "1882"]
[PlyCount "53"]
[EventDate "2003.??.??"]
[EventType "swiss"]
[EventRounds "9"]
[EventCountry "CHI"]
[SourceTitle "EXT 2004"]
[Source "ChessBase"]
[SourceDate "2003.11.25"]
[SourceVersion "1"]
[SourceVersionDate "2003.11.25"]
[SourceQuality "1"]

1. d4 e6 2. c4 d5 3. Nc3 c5 4. cxd5 exd5 5. dxc5 Qa5 6. Qxd5 Nf6 7. Qe5+ Be6 8. Bd2 Qxc5 9. Qxc5 Bxc5 10. Nb5 Bb6 11. Nd6+ Kd7 12. Nxb7 a5 13. Rc1 Rc8 14. Rxc8 Kxc8 15. Nd6+ Kd7 16. Nb5 Bxa2 17. Nf3 Nc6 18. e3 Rc8 19. Be2 Ne4 20. Bc3 Nxc3 21. Nxc3 Be6 22. 0-0 Ke8 23. Rd1 Kf8 24. Ng5 Bf5 25. Bc4 Ne5 26. Bb3 h6 27. Nge4 1-0